Expert systems application for structural, transportation, and environmental engineering
The book is structured in seven chapters with a comprehensive presentation of expert system applications. Chapter 1 describes the expert systems components including the characteristics of expert systems. Chapter 2 presents the expert system methodologies for design application, and selected applica...
Na minha lista:
| Autor principal: | |
|---|---|
| Formato: | Livro |
| Idioma: | Undetermined |
| Publicado em: |
Boca Raton, Florida
CRC Press
1992
|
| Assuntos: | |
| Tags: |
Adicionar Tag
Sem tags, seja o primeiro a adicionar uma tag!
|
| Thư viện lưu trữ: | Trung tâm Học liệu Trường Đại học Cần Thơ |
|---|
| LEADER | 01704nam a2200205Ia 4500 | ||
|---|---|---|---|
| 001 | CTU_27297 | ||
| 008 | 210402s9999 xx 000 0 und d | ||
| 020 | |b 133.67Dfl | ||
| 082 | |a 624.0285 | ||
| 082 | |b A769 | ||
| 100 | |a M Arockiasamy | ||
| 245 | 0 | |a Expert systems application for structural, transportation, and environmental engineering | |
| 245 | 0 | |c M Arockiasamy | |
| 260 | |a Boca Raton, Florida | ||
| 260 | |b CRC Press | ||
| 260 | |c 1992 | ||
| 520 | |a The book is structured in seven chapters with a comprehensive presentation of expert system applications. Chapter 1 describes the expert systems components including the characteristics of expert systems. Chapter 2 presents the expert system methodologies for design application, and selected applications to structural design. Chapter 3 covers design standards to improve the representation, organization, analysis and use of standards. Chapter 4 outlines typical expert systems intended for construction engineering and management applications. Chapter 5 includes the main concepts underlying the expert systems with emphasis on bridge analysis, rating, and management. Chapter 6 describes expert systemsmethodology and applications which aid the transportation and highway engineer planning, design, and operation. And Chapter 7 focuses on several applications of expert in the fields of environmental and water resources engineering | ||
| 650 | |a civil engineering - data processing,environmental engineering - data processing,expert systems ( computer science ),structural engineering - data processing,transportation engineering - data processing | ||
| 904 | |i Minh, 981215 | ||
| 980 | |a Trung tâm Học liệu Trường Đại học Cần Thơ | ||